Desarrollo de un visualizador de ondas digitales como una aplicación web
Guardat en:
| Autor principal: | |
|---|---|
| Format: | Llibre |
| Idioma: | Spanish |
| Publicat: |
[San José, Costa Rica]
2011
|
| Matèries: | |
| Etiquetes: |
Afegir etiqueta
Sense etiquetes, Sigues el primer a etiquetar aquest registre!
|
MARC
| LEADER | 00000nam a22000007a 4500 | ||
|---|---|---|---|
| 003 | 010630 | ||
| 005 | 20221231143933.0 | ||
| 008 | 151111b2011 cr a|||| |||| 00| 0 spa d | ||
| 040 | |c cru CEDI | ||
| 090 | |a TFG 6462 | ||
| 100 | |9 2258 |a Rojas Chaves, José Martín | ||
| 245 | |a Desarrollo de un visualizador de ondas digitales como una aplicación web | ||
| 260 | |a [San José, Costa Rica] |c 2011 | ||
| 500 | |a "IE-0502 Proyecto Eléctrico" Proyecto de graduación (bachillerato en ingeniería eléctrica)--Universidad de Costa Rica. Facultad de Ingeniería. Escuela de Ingeniería Eléctrica | ||
| 650 | |x COMUNICACIONES DIGITALES |x SISTEMAS DE TELECOMUNICACION |x ELECTRONICA DIGITAL |x ONDAS |9 2259 | ||
| 942 | |c TFG | ||
| 999 | |c 14488 |d 14488 | ||
